000 00407nam a2200157Ia 4500
008 151021s9999 xx 000 0 und d
020 _a9966 22 1492
050 _aPZ 4 .D 1998
245 _a_Malaika
260 _aNairobi Jomo Kenyatta Foundation 1998
300 _a225p,
500 _aIncludes index
500 _aIncludes index
650 _a_Literature
980 _a^d20130806 01:46:37^oanne
999 _c14354
_d14354